El problema de la recomposición de los actores campesinos en una perspectiva de democratización

La publicación que se entrega constituye un esfuerzo por actualizar la información existente sobre la realidad organizacional campesina, y revelar los obstáculos y perspectivas que se le presentan en un proceso de democratización. Junto a lo anterior, se trata de abrir un espacio de discusión y deba...

Full description

Bibliographic Details
Main Author: Tapia Soko, Gonzalo
Other Authors: Vío Grossi, Gonzalo
Format: Libro
Language:Spanish
Published: Santiago, Chile: PIIE, 1985.
Subjects:
Online Access:Disponible en línea (PDF). Biblioteca Digital UAHC

MARC

LEADER 00000cam a2200000 a 4500
001 037097
003 UAHC_CL
005 20210909180006.0
008 010822s1985 cl 000 1 spa
952 |0 0  |1 0  |4 0  |6 PIIE_012652  |7 0  |8 COMP  |9 70993  |a BC  |b BC  |c General  |d 2017-08-03  |l 0  |o PIIE 012-652  |p 1314677  |r 2019-12-02 00:00:00  |t c.1  |w 2017-08-03  |y BK 
999 |c 37097  |d 37097 
040 |a UAHC_CL  |c UAHC_CL  |d UAHC_CL 
082 0 4 |a PIIE 012-652 
100 |a Tapia Soko, Gonzalo  |9 8836 
245 1 3 |a El problema de la recomposición de los actores campesinos en una perspectiva de democratización  |c Gonzalo Tapia y Gonzalo Vío. 
260 |a Santiago, Chile:  |b PIIE,  |c 1985. 
300 |a 54 p. 
520 |a La publicación que se entrega constituye un esfuerzo por actualizar la información existente sobre la realidad organizacional campesina, y revelar los obstáculos y perspectivas que se le presentan en un proceso de democratización. Junto a lo anterior, se trata de abrir un espacio de discusión y debate en torno a la cuestión campesina, por lo cual las proposiciones analíticas que se entregan tienen necesariamente un carácter preliminar. 
650 0 |a Movimientos sociales   |z Chile  |9 1402 
650 0 |a Población rural   |9 9199  |x Aspectos sociales   |z Chile 
700 |a Vío Grossi, Gonzalo  |9 9200 
856 |y Disponible en línea (PDF). Biblioteca Digital UAHC  |u http://bibliotecadigital.academia.cl/xmlui/handle/123456789/5026 
900 |a PIIE 012-652 
942 |c BK